| 000 | 00710cam a2200217 a 4500 | ||
|---|---|---|---|
| 001 | 000015461 | ||
| 005 | 20260202095302.0 | ||
| 008 | 931123s1993 mnu 000 0 spa | ||
| 020 | _z1567183301 | ||
| 040 |
_aDO-SdBNP _bspa _cBNPHU |
||
| 082 |
_a129 _bG643p |
||
| 100 | 1 |
_aGonzález-Wippler, Migene. _934927 |
|
| 245 | 1 | 0 |
_aPeregrinaje : _bla vida después de la muerte / _cMigene González-Wippler. |
| 260 |
_aSaint Paul, Minnesota, (Estados Unidos) : _bEditorial Llewellyn, _c1993. |
||
| 300 |
_axiii, 232 p. ; _c21 cm. |
||
| 500 | _aSegunda reimpresión, 1994. | ||
| 650 | 4 |
_aReencarnación _91089 |
|
| 650 | 0 |
_aEspiritualidad _9613 |
|
| 650 | 0 |
_aVida espiritual _9268 |
|
| 910 | _aCatalogación por copia | ||
| 999 |
_c15017 _d15017 |
||